| 000 | 00963cab a2200337 4500 | ||
|---|---|---|---|
| 001 | ABS53709 | ||
| 008 | 090401t1995 xxu||||| |||| 00| 0 eng d | ||
| 035 | _a(Sirsi) u6099 | ||
| 041 | _aeng | ||
| 245 | _aEstate Times survey: West Midlands update | ||
| 260 | _c1995 | ||
| 350 | _a0 | ||
| 490 |
_aEstates Times _v(1298) 13 October 1995, 11-24(14) |
||
| 650 | _aAUTOMOTIVE INDUSTRY | ||
| 650 | _aBLACK COUNTRY NEW ROAD | ||
| 650 | _aCOVENTRY | ||
| 650 | _aLEAMINGTON SPA | ||
| 650 | _aPROPERTY-COMMERCIAL PROPERTY-OFFICE PROPERTY-OFFICE PROPERTY MARKET | ||
| 650 | _aPROPERTY-COMMERCIAL PROPERTY-RETAIL PROPERTY-RETAIL PROPERTY MARKET | ||
| 650 | _aRUGBY | ||
| 650 | _aSCIENCE PARKS | ||
| 650 | _aSOLIHULL | ||
| 650 | _aTIPTON | ||
| 650 | _aWALSALL | ||
| 650 | _aWARWICK | ||
| 650 | _aWEST MIDLANDS | ||
| 650 | _aWOLVERHAMPTON | ||
| 690 | _aPROPERTY-COMMERCIAL PROPERTY-COMMERCIAL PROPERTY MARKET | ||
| 942 | _n0 | ||
| 948 | _c04/03/1997 | ||
| 999 |
_c3659 _d3659 |
||